01101cam a2200265 a 4500001000500000005001700005020001900022040002100041050002400062082001500086100002600101245007700127260003200204300003700236500012700273505000700400520025200407521002600659521001700685650003300702650003100735650001900766650002200785700002800807210920250716154355.0 a9780753458761  aUkcUkdDLCbeng00aPZ7.R7867bFan 200500a793.732221 aRosen, Michaeld1946-10aFantastically funny stories /cMichael Rosen ; illustrated by Mik Brown. aBoston :bKingfisher,c2005 a61 pages :billustrationsc20 cm a"Some of the material in this edition was previously published by Kingfisher Publications in 1988 in Silly stories"--P. 2. aT  aShort stories to make you howl This hilarious collection will get a laugh from any reader More than 25 short stories feature characters like a rogue elephant, a short-sighted dentist, naughty schoolboys and little girls who ask a lot of questions. a900 bLexile estimate aT bRaz-Plus 0aChildren's stories, English. 0aHumorous stories, English. 1aShort stories. 1aHumorous stories.1 aBrown, Mikeillustrator